Stories for thinking / (Record no. 8334)

MARC details
000 -LEADER
fixed length control field 00619nam a2200205Ia 4500
008 - FIXED-LENGTH DATA ELEMENTS--GENERAL INFORMATION
fixed length control field 210628s9999 xx 000 0 und d
020 ## - INTERNATIONAL STANDARD BOOK NUMBER
ISBN 9789789293445
040 ## - CATALOGING SOURCE
Original cataloging agency NLN
Language of cataloging English
Description conventions AACR2
100 ## - MAIN ENTRY--AUTHOR
Author ADEYENI, Josefu
Relator term aut
245 #0 - TITLE STATEMENT
Title Stories for thinking /
Statement of responsibility, etc Josefu Adeyeni
260 ## - PUBLICATION, DISTRIBUTION, ETC. (IMPRINT)
Place of publication Ijebu-Ode, Ogun State (196, Falagbade Street) :
Name of publisher Richgreen Publisher,
Date of publication [2015?]
300 ## - COLLATION
Pagination xii, 110p. ;
Other physical details 16cm.
563 ## - BINDING INFORMATION
Binding note (pbk)
650 ## - TRACINGS
Main Subject Short stories, Nigerian (English)
650 ## - TRACINGS
Main Subject Thought and thinking
942 ## - ADDED ENTRY ELEMENTS (KOHA)
Item type Books
Suppress in OPAC No
050 ## - LIBRARY OF CONGRESS CALL NUMBER
Classification number PZ7
Item number .A233
082 ## - DEWEY DECIMAL CLASSIFICATION NUMBER
Classification number 823
Holdings
Withdrawn status Lost status Source of classification or shelving scheme Damaged status Not for loan Home library Current library Date acquired Total Checkouts Full call number Barcode. Date last seen Copy number Price effective from Koha item type
    Library of Congress Classification     ABUJA LIBRARY BRANCH National Library of Nigeria 25/02/2025   PZ7 .A233 2025-452500 25/02/2025 1 25/02/2025 Books
    Library of Congress Classification     LAGOS BRANCH National Library of Nigeria 25/02/2025   PZ7 .A233 2025-452501 25/02/2025 1 25/02/2025 Books

National Library of Nigeria OPAC is powered by Koha